Financovanie MSP úvermi v SR diplomová práca

Saved in:
Bibliographic Details
Main Author: Kupka, Tomáš, 1990-
Corporate Author: Národohospodárska fakulta EU. Katedra financií
Other Authors: Belanová, Katarína, 1978-
Format: Book
Language:Slovak
Published: Bratislava 2015
Tags: Add Tag
No Tags, Be the first to tag this record!

MARC

LEADER 00000nbm a2200000 4500
001 0201094
005 20161212095506.1
041 0 |a slo 
044 |a SK 
245 1 0 |a Financovanie MSP úvermi v SR  |b diplomová práca  |c Tomáš Kupka ; školiteľ: Katarína Belanová 
264 1 |a Bratislava  |c 2015 
300 |a 82 s. 
100 1 |a Kupka, Tomáš, 1990- 
700 1 |a Belanová, Katarína, 1978- 
710 2 |a Národohospodárska fakulta EU. Katedra financií